00595nam a2200109Ia 4500008004100000020001800041245014600059260003500205650018700240650001700427856004100444171212s9999 xx 000 0 und d a9780823267101 ceditor Badowska, Eva;Parmeggiani, FrancescaaOf Elephants and ToothachesbEthics, Politics, and Religion in Krzysztof Kieslowski's 'Decalogue bFordham University Pressc2016 aDekalog (Television program); Kieślowski, Krzysztof, 1941–1996 -- Criticism and interpretation; Television programs -- Poland -- Moral and ethical aspects; Religion on television aFilm Studies uhttp://jstor.org/stable/j.ctt1bmzp6t